| 000 | 00626nam a2200181 i 4500 | ||
|---|---|---|---|
| 001 | 122564 | ||
| 003 | ES-MaACL | ||
| 005 | 20241210140222.0 | ||
| 007 | t| | ||
| 008 | 070214s1953 sp a r ||||1| spa d | ||
| 100 | 1 |
_aPró Ruiz, Serafín. _9155192 |
|
| 245 | 1 | 0 |
_aTeatralerías _b: (anécdotas del Teatro y de la Música) / _cSerafín Pro y Ruiz ; carta-prólogo del Excmo. Sr. D. José Mª Pemán. |
| 260 |
_aCádiz : _b[s. n.], _c1953 ( _fImp. La Gaditana) |
||
| 300 |
_a160 p. : _bil. ; _c21 cm. |
||
| 700 | 1 |
_aPemán, José María, _d1897-1981 _990130 |
|
| 852 |
_aES-MaACL _jC-8748 |
||
| 999 |
_c122564 _d122564 |
||